Missing Word: Heavens Above! Quiz Stats

 Plays Quiz Updated Feb 11, 2018

Challenge
Share
Tweet
Embed
Score 0/12 Timer 03:00
0 Plays Today
Clue Missing Word % Correct
Accomplish something with great effort; move heaven and _____Earth
96.1%
Expression of exasperation; for heaven's _____!Sake
95.1%
Warren Beatty film; Heaven Can _____Wait
94.1%
Don Bluth animated film; All _____ Go to HeavenDogs
94%
Belinda Carlisle song; Heaven Is a _____ on EarthPlace
91.4%
Led Zeppelin classic; _____ to HeavenStairway
91.3%
Black Sabbath or Vangelis album; Heaven and _____Hell
91%
San Diego-based UFO millenarian cult; Heaven's _____Gate
77.2%
Eric Clapton single; _____ in HeavenTears
64.4%
A state of great joy and satisfaction; _____ HeavenSeventh
60.2%
Snagglepuss' catchphrase; Heavens to _____!Murgatroyd
41.5%
Ridley Scott film; _____ of HeavenKingdom
25.8%

Today's Daily Dose

You're not logged in!

Compare scores with friends on all Sporcle quizzes.
OR
Log In

You Might Also Like...

Show Comments

Extras

Top Quizzes Today


Score Distribution

Your Account Isn't Verified!

In order to create a playlist on Sporcle, you need to verify the email address you used during registration. Go to your Sporcle Settings to finish the process.

Report this User

Report this user for behavior that violates our Community Guidelines.

Details: